[Event "CP-2011-P-00059"]
[Site "LSS email"]
[Date "2011.09.30"]
[Round "?"]
[White "Kepinski, Janusz"]
[Black "Rose, Robert E"]
[Result "1-0"]
[WhiteElo "1212"]
[BlackElo "498"]
[PlyCount "65"]
[EventDate "2011.10.01"]
[EventType "tourn (corr)"]
[EventRounds "6"]
[EventCountry "GER"]
[SourceTitle "Telechess CBM 153"]
[Source "ChessBase"]
[SourceDate "2013.03.14"]
[SourceVersion "1"]
[SourceVersionDate "2013.03.14"]
[SourceQuality "1"]

1. c4 Nf6 2. d4 g6 3. Nf3 Bg7 4. e3 0-0 5. Bd3 d6 6. 0-0 Bg4 7. Nbd2 Nbd7 8. h3 Bxf3 9. Nxf3 c5 10. d5 Ne8 11. a4 Ne5 12. Nxe5 Bxe5 13. Re1 Qb6 14. e4 Rb8 15. Qc2 Nc7 16. f4 Bd4+ 17. Kh1 Na6 18. f5 Nb4 19. Qe2 Nxd3 20. Qxd3 Bxb2 21. Bxb2 Qxb2 22. e5 dxe5 23. Rad1 Rbd8 24. Rb1 Qd4 25. Qf1 b6 26. Rbd1 Qh4 27. Rxe5 Qf6 28. Qe2 Rfe8 29. fxg6 Qxg6 30. Rxe7 Rxe7 31. Qxe7 a5 32. Qxd8+ Kg7 33. d6 1-0

[Event "CP-2011-P-00059"]
[Site "LSS email"]
[Date "2011.09.30"]
[Round "?"]
[White "Rose, Robert E"]
[Black "Iacobitz, Lucian Valentin"]
[Result "0-1"]
[WhiteElo "498"]
[BlackElo "1864"]
[PlyCount "76"]
[EventDate "2011.10.01"]
[EventType "tourn (corr)"]
[EventRounds "6"]
[EventCountry "GER"]
[SourceTitle "Telechess CBM 153"]
[Source "ChessBase"]
[SourceDate "2013.03.14"]
[SourceVersion "1"]
[SourceVersionDate "2013.03.14"]
[SourceQuality "1"]

1. e4 c5 2. Nf3 e6 3. d4 cxd4 4. Nxd4 a6 5. Nc3 Qc7 6. Be2 Nf6 7. Bg5 Be7 8. Qd2 h6 9. Be3 Bb4 10. 0-0 Bxc3 11. Qxc3 Qxc3 12. bxc3 Nxe4 13. c4 d6 14. f3 Nc3 15. Bd3 Na4 16. Rab1 Nd7 17. f4 0-0 18. Be4 Nc3 19. Bxb7 Rb8 20. Rb3 Bxb7 21. Rxc3 Rfc8 22. Rb1 Bd5 23. Rxb8 Nxb8 24. Nb3 Rxc4 25. Rxc4 Bxc4 26. Bb6 Nc6 27. Bc7 d5 28. Be5 Nxe5 29. fxe5 Kh7 30. Nc5 Kg6 31. a3 Kf5 32. Nd7 Bb5 33. Nc5 Kxe5 34. Kf2 Kd4 35. Nb3+ Kc3 36. Na5 Kxc2 37. Nb7 d4 38. Nd6 d3 0-1

[Event "SN-2011-0-00380"]
[Site "LSS email"]
[Date "2011.09.13"]
[Round "?"]
[White "Bester, Kazimierz"]
[Black "Rose, Robert E"]
[Result "1/2-1/2"]
[WhiteElo "789"]
[BlackElo "498"]
[PlyCount "102"]
[EventDate "2011.08.25"]
[EventType "tourn (corr)"]
[EventRounds "6"]
[EventCountry "GER"]
[SourceTitle "Corr 2015"]
[Source "ChessBase"]
[SourceDate "2015.07.17"]
[SourceVersion "1"]
[SourceVersionDate "2015.07.17"]
[SourceQuality "1"]

1. f4 d5 2. Nf3 Nc6 3. e3 Bg4 4. Be2 Nf6 5. 0-0 g6 6. d4 Bg7 7. Ne5 Nxe5 8. dxe5 Bxe2 9. Qxe2 Ne4 10. c3 0-0 11. Nd2 Nxd2 12. Bxd2 c5 13. Rad1 c4 14. Qg4 e6 15. Be1 Qa5 16. a3 Qb6 17. Qe2 Rad8 18. Bf2 Qc6 19. Bh4 f6 20. Qc2 Rc8 21. exf6 Bxf6 22. Bf2 b6 23. g4 e5 24. f5 e4 25. fxg6 hxg6 26. Bg3 Bg5 27. Rxf8+ Rxf8 28. Qe2 Rf3 29. Bf2 Qc5 30. Rd4 Qd6 31. Qd2 Rh3 32. Bg3 Qc5 33. Kg2 Rh7 34. Bf2 Rd7 35. Rxe4 dxe4 36. Qxd7 Bxe3 37. Qe8+ Kg7 38. Qd7+ Kh6 39. Bxe3+ Qxe3 40. Qxa7 Qf3+ 41. Kg1 Qxg4+ 42. Kh1 Qd1+ 43. Kg2 Qd2+ 44. Kh3 Qxb2 45. Qd7 Qxc3+ 46. Kg4 Qxa3 47. Qd2+ Kg7 48. Qd4+ Kf7 49. Qd5+ Ke7 50. Qxe4+ Kf6 51. Qf4+ Ke6 1/2-1/2